| 000 | 00730nam a22002531 4500 | ||
|---|---|---|---|
| 001 | 9436 | ||
| 003 | BD-RjUL | ||
| 005 | 20211208234758.0 | ||
| 008 | 140121s1958 nyua 001 0 eng | ||
| 035 | _a(BD-RjUL)9481 | ||
| 040 |
_aDLC/ICU _cICU _dDLC _dBD-RjUL _beng |
||
| 041 | _aeng | ||
| 082 | 0 | 0 |
_a539.1 _bSTI 1958 _223 |
| 100 | 1 |
_aStephenson, Richard Montgomery, _d1917- _929243 |
|
| 245 | 0 | 0 | _aIntroduction to nuclear engineering. |
| 250 | _a2d ed. | ||
| 260 |
_aNew York : _bMcGraw-Hill, _c1958. |
||
| 300 |
_a491 p. : _bill. ; _c24 cm. |
||
| 504 | _aIncludes index. | ||
| 650 | 0 |
_aNuclear engineering. _928801 |
|
| 942 |
_2ddc _cBK |
||
| 999 |
_c9436 _d9436 |
||